| 000 | 01135nam a22002057a 4500 | ||
|---|---|---|---|
| 008 | 231110e20231211xxk|||||o|||| 00| 0 eng d | ||
| 041 | _aeng | ||
| 110 | _aRoyal Institution of Chartered Surveyors | ||
| 245 |
_aUK Residential Market Survey _bNovember 2023 _h[Electronic resource] |
||
| 260 |
_aLondon, _bRoyal Institution of Chartered Surveyors, _cDecember 2023 |
||
| 300 | _a19p | ||
| 490 | _aRICS UK Residential Market Survey | ||
| 520 | _aThe November 2023 RICS UK Residential Survey results point to an improved outlook for the housing market, with the improvement in sentiment supported by a small easing in mortgage rates over recent weeks. However, sales in the near term are only marginally positive, and other indicators remain in negative territory. | ||
| 650 | _aHOUSING MARKET | ||
| 650 | _aRESIDENTIAL PROPERTY | ||
| 651 | _aUnited Kingdom | ||
| 710 | _aRoyal Institution of Chartered Surveyors | ||
| 856 |
_uhttps://www.rics.org/content/dam/ricsglobal/documents/market-surveys/uk-residential-market-survey/11._WEB_November_2023_RICS_UK_Residential_Market_Survey_tp.pdf _zAvailable free on RICS.org |
||
| 942 | _n0 | ||
| 999 |
_c121764 _d121764 |
||